| 000 | 00900cam a22002771 4500 | ||
|---|---|---|---|
| 999 |
_c4136 _d4136 |
||
| 001 | 8418235 | ||
| 003 | GBCCL | ||
| 005 | 20241126110511.0 | ||
| 008 | 720804s1958 xx 000 0 eng | ||
| 010 | _a 59004547 | ||
| 035 | _a(OCoLC)373915 | ||
| 040 |
_aDLC _cONowdM _dCSuvM _dDLC |
||
| 042 | _apremarc | ||
| 050 | 0 | 0 |
_aBS1198 _b.H4 1958 |
| 082 |
_a224.06 _bHEA |
||
| 100 | 1 |
_aHeaton, E. W. _q(Eric William), _d1920-1996. _97897 |
|
| 245 | 1 | 4 | _aThe Old Testament prophets. |
| 260 |
_a[Harmondsworth, Middlesex] _bPenguin Books _c[1958] |
||
| 300 |
_a186 p. _c18 cm. |
||
| 490 | 0 |
_aA Pelican book, _vA414 |
|
| 500 | _a"Completely revised and largely rewritten edition of the [author's] His servants the Prophets, published...in 1949." | ||
| 630 | 0 | 0 |
_aBible. _pProphets _xTheology. _97898 |
| 650 | 0 |
_aProphets. _91241 |
|
| 906 |
_a7 _bcbc _coclcrpl _du _encip _f19 _gy-gencatlg |
||
| 942 |
_2ddc _cBK _05 |
||